Statistiques concernant Arrondissements de France les moins peuplés

Cliquez ici pour prendre le quiz!

Statistiques générales

  • Ce quiz a été pris 9 fois
  • Le résultat moyen est 18 sur 30

Statistiques - réponses

ArrondissementPopulation% Correct
Barcelonnette7 712
89%
Castellane11 388
89%
Florac13 028
89%
Argelès-Gazost37 801
78%
Briançon33 304
78%
Mirande41 316
78%
Saint-Girons41 017
78%
Calvi31 219
67%
Chateau-Chinon27 268
67%
Issoudun32 694
67%
La Châtre27 656
67%
Le Blanc30 051
67%
Mauriac25 085
67%
Rethel37 339
67%
Rochechouart37 698
67%
Saint-Flour36 904
67%
Sartène41 724
67%
Vouziers21 052
67%
Ambert27 571
56%
Avallon40 732
56%
Clamecy20 156
56%
Commercy42 088
56%
Nérac38 342
56%
Ussel40 899
56%
Bellac37 903
44%
Nogent-le-Rotrou34 922
33%
Saint-Georges8 857
33%
Le Vigan39 330
22%
Saint-Pierre22 352
22%
Bar-sur-Aube27 162
11%

Distribution des résultats

Percentile par nombre de réponses

% des personnes avec chaque résultat

Votre développement - résultats

Vous n’avez pas pris ce quiz